Narcis prečítajte si román

Bibliographic Details
Main Author: Štrompová, Alena (Author)
Format: Article
Language:Slovak
PhysicalDescription:Fotogr.
ISSN:1335-9959
Subjects:

MARC

LEADER 00000nab a2200000 ar4500
001 vtls008408708
003 SK-MaSNL
005 20260303070109.0
008 051103c2005 xo mr|p|||||||000 b|slo
015 |a SNBRB2005/11  |2 snkbucl 
038 |a SNKBUCL 
040 |a SNKBUCL  |b slo  |c SNKBUCL  |e AACR2 
041 0 |a slo 
044 |a xo  |c SK 
080 |a 821.162.4-31  |2 1981 
100 1 |a Štrompová, Alena  |4 aut  |9 589002 
245 1 0 |a Narcis  |b prečítajte si román  |c Alena Štrompová 
300 |b Fotogr. 
650 0 7 |a slovenské romány  |2 snkbucl  |9 103163 
655 7 |a recenzie  |2 snkbucl  |9 21907 
773 0 |t Dimenzie  |g Roč. 5., č. 1 (2005), s. 52  |x 1335-9959 
787 0 8 |i Rec.:  |a Sloboda, Rudolf, 1938-1995  |t Narcis  |d Bratislava : Slovart, 2004 
852 |a SNK  |b KIS3GCP 
958 |a LX 
958 |a RC 
999 |c 1753943  |d 1755873